000 00495nam a2200157Ia 4500
008 160316s1998 xxu||||| |||| 00| 0 eng d
082 _a344.046000
_bDAS
100 _aDas R C
245 _aThe environmental divide : The dilemma of developing countries
250 _a
260 _aNew Delhi
_bAPH Publishing Corporation
_c1998
300 _a261p
_b
_cxv
365 _bRs.600
650 _a1.Environmental Problems - Developing Countries 2.New International Environmental Order
700 _a
_a
999 _c13402
_d13402